书目信息 |
| 题名: |
常用仪器仪表原理与使用
|
|
| 作者: | 刘方新 , 钱昭烨 , 李宗民 编著 | |
| 分册: | ||
| 出版信息: | 北京 科学出版社 1999.2 |
|
| 页数: | 288页 | |
| 开本: | 26cm | |
| 丛书名: | ||
| 单 册: | ||
| 中图分类: | TH7 | |
| 科图分类: | ||
| 主题词: | 仪器 , 仪表 , 仪表装置 | |
| 电子资源: | ||
| ISBN: | 7-03-004787-7 | |
| 000 | 00708nam0 2200253 45 | |
| 001 | 0010300907 | |
| 005 | 20041119085343.9 | |
| 010 | @a7-03-004787-7@dCNY28.00 | |
| 100 | @a20001030d1999 km y0chiy0120 ea | |
| 101 | 0 | @achi |
| 105 | @a z 000yy | |
| 200 | 1 | @a常用仪器仪表原理与使用@AChang Yong Yi Qi Yi Biao Yuan Li Yu Shi Yong@f刘方新等编著@FLiu Fang Xin Deng Bian Zhu |
| 210 | @a北京@c科学出版社@d1999.2 | |
| 215 | @a288页@d26cm | |
| 300 | @a中国科学院实验技术人员岗位培训系列教材 | |
| 606 | 0 | @a仪器 |
| 606 | 0 | @a仪表 |
| 606 | 0 | @a仪表装置 |
| 690 | @aTH7@v1 | |
| 701 | 0 | @a刘方新@4编著 |
| 701 | 0 | @a钱昭烨@4编著 |
| 701 | 0 | @a李宗民@4编著 |
| 801 | @aCN@bTSTC@c20001030 | |
| 905 | @dTH7@e26 | |
| 常用仪器仪表原理与使用/刘方新等编著.-北京:科学出版社,1999.2 |
| 288页;26cm |
| 中国科学院实验技术人员岗位培训系列教材 |
| ISBN 7-03-004787-7:CNY28.00 |
| ● |
| 相关链接 |
|
|
|
|
正题名:常用仪器仪表原理与使用
索取号:TH7/26
 
预约/预借
| 序号 | 登录号 | 条形码 | 馆藏地/架位号 | 状态 | 备注 |
| 1 | 0292058 | 002920584 | 第三借阅区/ [索取号:TH7/26] | 在馆 | |
| 2 | 0292059 | 002920593 | 第三借阅区/ [索取号:TH7/26] | 在馆 | |
| 3 | 0292060 | 002920600 | 第三借阅区/ [索取号:TH7/26] | 在馆 | |
| 4 | 0292061 | 002920619 | 第三借阅区/ [索取号:TH7/26] | 在馆 | |
| 5 | 0292062 | 002920628 | 第二样本阅览室/ [索取号:TH7/26] | 在馆 |